Archaeological Remote Sensing in the 21st Century: (Re)Defining Practice and Theory (Record no. 18740)

MARC details
000 -LEADER
fixed length control field 01314nam a2200133Ia 4500
008 - FIXED-LENGTH DATA ELEMENTS--GENERAL INFORMATION
fixed length control field 220615s9999||||xx |||||||||||||| ||und||
020 ## - INTERNATIONAL STANDARD BOOK NUMBER
International Standard Book Number 9783040000000
245 #0 - TITLE STATEMENT
Title Archaeological Remote Sensing in the 21st Century: (Re)Defining Practice and Theory
546 ## - LANGUAGE NOTE
Language note English[eng]
650 ## - SUBJECT ADDED ENTRY--TOPICAL TERM
Topical term or geographic name entry element relief mapping||visualization||blend modes||digital elevation model||airborne laser scanning||lidar||archaeological prospection||deep learning||citizen science||The Netherlands||archaeology||arid environments||satellite remote sensing||lithological mapping||lithic procurement||chert sourcing||Landsat 8||GIS||ALS||amplitude||radiometric calibration||reflectance||Sicily||transfer learning||historic mining||heritage management||LiDAR||hyperspectral data||submerged areas||cultural heritage monitoring||anomaly detection||MNF||radiative transfer model||Martin Heidegger||technology||mimesis||remote sensing archaeology||cultural context||archaeological remote sensing||satellite mission design||satellite archaeology||archaeological survey||cropmarks||empirical knowledge||alluvial sediments||geomorphological/pedological background||soil spatial infrastructure||statistical methods||n/a
700 ## - ADDED ENTRY--PERSONAL NAME
Personal name Verhoeven, Geert||Cowley, Dave||Traviglia, Arianna
856 ## - ELECTRONIC LOCATION AND ACCESS
Uniform Resource Identifier <a href="https://mdpi.com/books/pdfview/book/4243">https://mdpi.com/books/pdfview/book/4243</a>
942 ## - ADDED ENTRY ELEMENTS (KOHA)
Koha item type E-Books
Holdings
Withdrawn status Lost status Damaged status Not for loan Home library Current library Date acquired Total Checkouts Date last seen Price effective from Koha item type
        Kerala University of Digital Sciences, Innovation and Technology Knowledge Centre Kerala University of Digital Sciences, Innovation and Technology Knowledge Centre 15/06/2022   15/06/2022 15/06/2022 E-Books